书目信息 |
| 题名: |
帝国夕阳
|
|
| 作者: | 高英彤 著 | |
| 分册: | ||
| 出版信息: | 长春 吉林人民出版社 2005 |
|
| 页数: | 326页 | |
| 开本: | 21cm | |
| 丛书名: | 当代资本主义研究丛书 | |
| 单 册: | ||
| 中图分类: | D509 | |
| 科图分类: | ||
| 主题词: | 资本主义国家--政治 | |
| 电子资源: | ||
| ISBN: | 7-206-02937-X | |
| 000 | 00714nam2 2200229 45 | |
| 001 | 9910190878 | |
| 005 | 20070708100624.18 | |
| 010 | @a7-206-02937-X@dCNY25.60 | |
| 100 | @a19991019d2005 km y0chiy0120 ea | |
| 101 | 0 | @achi |
| 200 | 1 | @a帝国夕阳@ADi Guo Xi Yang@e日渐衰微的不列颠@ERi Jian Shuai Wei De Bu Lie Dian@f高英彤著@FGao Ying Tong Zhu |
| 205 | @a2版 | |
| 210 | @a长春@c吉林人民出版社@d2005 | |
| 215 | @a326页@d21cm | |
| 225 | @a当代资本主义研究丛书 | |
| 410 | @12001 @a当代资本主义研究丛书 | |
| 517 | @a日渐衰微的不列颠@ARi Jian Shuai Wei De Bu Lie Dian | |
| 606 | 0 | @a资本主义国家@x政治 |
| 690 | @aD509@v1 | |
| 701 | 0 | @a高英彤@4著 |
| 801 | @aCN@bTSTC@c20070708 | |
| 905 | @dD509@e79:1=2@f1@b284387 | |
| 帝国夕阳:日渐衰微的不列颠/高英彤著.-2版.-长春:吉林人民出版社,2005 |
| 326页;21cm.-(当代资本主义研究丛书) |
| ISBN 7-206-02937-X:CNY25.60 |
| ● |
| 相关链接 |
|
|
|
|
正题名:帝国夕阳
索取号:D509/79:1=2
 
预约/预借
| 序号 | 登录号 | 条形码 | 馆藏地/架位号 | 状态 | 备注 |
| 1 | 0556330 | 205563308 | 第一样本阅览室/ [索取号:D509/79:1=2] | 在馆 | |
| 2 | 0556331 | 205563317 | 密集书库/ [索取号:D509/79:1=2] | 在馆 | |
| 3 | 0556332 | 205563326 | 第一借阅区/ [索取号:D509/79:1=2] | 在馆 | |
| 4 | 0556333 | 205563335 | 密集书库/ [索取号:D509/79:1=2] | 在馆 | |
| 5 | 0556334 | 205563344 | 密集书库/ [索取号:D509/79:1=2] | 在馆 | |
| 6 | 0556335 | 205563353 | 第一借阅区/ [索取号:D509/79:1=2] | 在馆 | |
| 7 | 0556336 | 205563362 | 密集书库/ [索取号:D509/79:1=2] | 在馆 | |
| 8 | 0556337 | 205563371 | 第一借阅区/ [索取号:D509/79:1=2] | 在馆 |